000 00441nam a2200121 a 4500
008 120416s1998 ||||||||||||||||| || u
050 _aTJ 213 Bol
100 _aBolton, W
245 1 0 _aNewnes control engineering pocket book
260 _aOxford
_bNewnes
_c1998
350 _a0.00
995 _D0.00
_FCBU-MAIN LIBRARY (Kitwe)
_H1
_I11.00
_M1
_UDAMAGED
_WApr 26, 2006
_ZMain Library Open Access Collection
999 _c52224
_d52224